Statistics for Miranda Lambert Charting Songs (Billboard Hot Country)

Click here to take the quiz!

General Stats

  • This quiz has been taken 3 times
    (2 since last reset)
  • The average score is 23 of 43

Answer Stats

AlbumWeeks OnPeakArtist(s)Song% Correct
Four the Record20 Weeks#24Miranda LambertAll Kinds of Kinds
100%
Four the Record19 Weeks#3Miranda LambertBaggage Claim
100%
Wildcard36 Weeks#3Miranda LambertBluebird
100%
Four the Record29 Weeks#7Miranda LambertFastest Girl in Town
100%
Crazy Ex-Girlfriend31 Weeks#7Miranda LambertGunpowder and Lead
100%
Palomino33 Weeks#8Miranda LambertIf I Was a Cowboy
100%
Kerosene22 Weeks#15Miranda LambertKerosene
100%
Platinum20 Weeks#5Miranda LambertLittle Red Wagon
100%
Revolution24 Weeks#12Miranda LambertOnly Prettier
100%
Platinum25 Weeks#1Miranda Lambert Duet with Carrie UnderwoodSomethin' Bad
100%
Revolution21 Weeks#1Miranda LambertThe House That Built Me
100%
The Weight of These Wings34 Weeks#15Miranda LambertTin Man
100%
The Weight of These Wings20 Weeks#2Miranda LambertVice
100%
Fuse20 Weeks#1Keith Urban & Miranda LambertWe Were Us
100%
Revolution25 Weeks#2Miranda LambertWhite Liar
100%
Platinum21 Weeks#4Miranda LambertAutomatic
50%
Coal Miner's Daughter:
A Tribute to Loretta Lynn
1 Week#55Loretta Lynn, Sheryl Crow & Miranda LambertCoal Miner's Daughter
50%
Revolution15 Weeks#37Miranda LambertDead Flowers
50%
Rearview Town26 Weeks#3Jason Aldean ft. Miranda LambertDrowns the Whiskey
50%
Crazy Ex-Girlfriend33 Weeks#14Miranda LambertFamous in a Small Town
50%
Non-Album Single1 Week#47Miranda Lambert ft. Maren Morris, Ashley McBryde, Tenille Townes,
Caylee Hammack & Elle King
Fooled Around and Fell In Love
50%
Revolution23 Weeks#1Miranda LambertHeart Like Mine
50%
Wildcard20 Weeks#12Miranda LambertIt All Comes Out in the Wash
50%
Four the Record29 Weeks#2Miranda LambertMama's Broken Heart
50%
Crazy Ex-Girlfriend28 Weeks#17Miranda LambertMore Like Her
50%
Four the Record23 Weeks#1Miranda LambertOver You
50%
Wildcard42 Weeks#6Miranda LambertSettling Down
50%
Platinum15 Weeks#32Miranda Lambert ft. Little Big TownSmokin' and Drinkin'
50%
Wildcard1 Week#47Miranda LambertTequila Does
50%
The Weight of These Wings21 Weeks#25Miranda LambertWe Should Be Friends
50%
Palomino1 Week#49Miranda LambertActin' Up
0%
Kerosene20 Weeks#32Miranda LambertBring Me Down
0%
Crazy Ex-Girlfriend6 Weeks#50Miranda LambertCrazy Ex-Girlfriend
0%
Come Get Your Wife59 Weeks#6Elle King & Miranda LambertDrunk (and I Don't Wanna Go Home)
0%
Cheers It's Christmas1 Week#37Blake Shelton ft. Miranda LambertJingle Bell Rock
0%
Kerosene23 Weeks#27Miranda LambertMe and Charlie Talking
0%
Wildcard1 Week#45Miranda LambertMess With My Head
0%
Kerosene20 Weeks#25Miranda LambertNew Strings
0%
Growin' Up2 Weeks#27Luke Combs & Miranda LambertOutrunnin' Your Memory
0%
Platinum1 Week#50Miranda LambertPlatinum
0%
Non-Album Single2 Weeks#32Miranda LambertRoots and Wings
0%
Palomino2 Weeks#48Miranda LambertStrange
0%
Southern Family1 Week#40Miranda LambertSweet By and By
0%

Score Distribution

Percentile by Number Answered

Percent of People with Each Score

Your Score History

You have not taken this quiz since the last reset